Country Limericks #1 - Statistics

General Stats
  • This quiz has been taken 859 times
    185 since last reset
  • The average score is 6 of 10
Answer Stats
Limerick Country % Correct
This one is of red, white and blueAnd home to The Stones and The Who We're spread across islands With one of them Ireland And our head was Elizabeth Two United Kingdom
99%
We're famous for Jews in this place But also for two other faiths Our flag bears a star And war's never far 'Cause Palestine's laid claim to our space Israel
96%
1810 saw our Spanish rule reversed Now we say that the homeland is first '86 was our Cup The chihuahua’s our pup And it’s tequila that quenches our thirst Mexico
72%
We're big fans of ackee and fish That's 'cause it's our national dish We prayed with our Rastas So Usain ran faster And to live as One People's our wish Jamaica
69%
We used to be the land of a king
Now a republic is more of our thing
Our army does march
By our Triumphal Arch
And our third city's the reason we sing
France
66%
We were once well beloved for our phones Though for small Angry Birds we're now known You'll make us feel homely By saying Suomi And in our saunas bare bodies are shown Finland
65%
We've the Caspian Sea to our east
And the plov forms part of our feast
We were freed in the nineties
Which was pretty good timing
And our four-letter capital was unleashed
Azerbaijan
50%
Our flag is striped red, green and gold And our winters can get rather cold We were ruled by the Prussians And then by the Russians And our Old Town's a sight to behold Lithuania
47%
Our flag has a triangle of green Of islands we've a hundred-fifteen Our people die young The creole's our tongue And our capital is named for a queen Seychelles
29%
As Ellice, we were part of an Empire Now our nine islands are ours to admire We're for the almighty Whilst pledging to Blighty And our fekei is best cooked on the fire Tuvalu
18%
No matching quizzes found
Score Distribution
Percent of People with Each Score
Percentile by Number Answered
Your Score History
You have not taken this quiz since the last reset